Score 0/7 Timer 03:00
1 Play Today
Question Answer Wrong Answers
Corazon Aquino becomes the 11th president of this country, and the first female president in Asia.
1986
Philippines
80.6%
Thailand
5.4%
Indonesia
5.9%
Singapore
4.9%
The first use of this defense by a criminal defendant to justify murder is used in the Daniel Sickles Trial.
1859
Insanity
76.4%
Alford Plea
1.9%
Self Defense
17%
Statute of Limitations
3.4%
This nation is formally abolished by the Allied Control Council.
1947
Prussia
63.1%
Bavaria
9.3%
Saxony
6.1%
East Germany
18.4%
Pius V excommunicates this English queen and absolves her subjects from allegiance.
1570
Elizabeth I
60.2%
Elizabeth II
5.7%
Mary II
19.7%
Anne
14.3%
Hiram Rhodes Revels becomes the first African-American member of congress as the senator from this state.
1870
Mississippi
39.5%
Georgia
19.8%
Virginia
23.3%
North Carolina
15%
The first US cabinet meeting is held here.
1793
Mount Vernon Plantation
36.3%
Monticello Plantation
8.2%
The White House
15.6%
Pennsylvania State House
39.3%
This amendment to the US Constitution became law, providing the foundation for graduated income tax.
1913
16th Amendment
30.3%
15th Amendment
16.9%
17th Amendment
30.5%
14th Amendment
19.3%
Remove Ads.
Support Sporcle.
Get the best of Sporcle when you Go Orange. This ad-free experience offers more features, more stats, and more fun while also helping to support Sporcle. Thank you for becoming a member.

You're not logged in!

Compare scores with friends on all Sporcle quizzes.
OR
Log In

Show Comments

Extras

Top Quizzes Today


Score Distribution

Your Account Isn't Verified!

In order to create a playlist on Sporcle, you need to verify the email address you used during registration. Go to your Sporcle Settings to finish the process.

Report this User

Report this user for behavior that violates our Community Guidelines.

Details: